[Event "Sydney op"]
[Site "Sydney"]
[Date "2019.04.24"]
[Round "1"]
[White "Perera, Pasan"]
[Black "Johansen, Darryl Keith"]
[Result "1/2-1/2"]
[WhiteElo "2011"]
[BlackElo "2364"]
[PlyCount "61"]
[EventDate "2019.04.24"]
[EventType "swiss"]
[EventRounds "9"]
[EventCountry "AUS"]
[SourceTitle "CBM 190 Extra"]
[Source "ChessBase"]
[SourceDate "2019.07.15"]
[SourceVersion "1"]
[SourceVersionDate "2019.07.15"]
[SourceQuality "1"]

1. d4 Nf6 2. Nf3 c5 3. d5 d6 4. g3 b5 5. a4 b4 6. c4 bxc3 7. Nxc3 g6 8. Bg2 Bg7 9. 0-0 0-0 10. Nd2 Ba6 11. Re1 Nbd7 12. h3 Rb8 13. f4 e5 14. dxe6 fxe6 15. e4 Nh5 16. Nf3 Nb6 17. f5 Nxg3 18. Bf4 Nc4 19. Bxg3 Rxb2 20. Rc1 gxf5 21. exf5 Rxf5 22. Rxe6 Bb7 23. Re2 Rxf3 24. Rxb2 Nxb2 25. Qb3+ c4 26. Qxb7 Rxg3 27. Qxb2 Bd4+ 28. Kh1 Qh4 29. Qb8+ Kg7 30. Qc7+ Kh8 31. Qxd6 1/2-1/2

[Event "Oceania zt 3.6"]
[Site "Auckland"]
[Date "2017.01.17"]
[Round "5"]
[White "Perera, Pasan"]
[Black "Garbett, Paul Anthony"]
[Result "0-1"]
[WhiteElo "2004"]
[BlackElo "2229"]
[PlyCount "143"]
[EventDate "2017.01.14"]
[EventType "swiss"]
[EventRounds "9"]
[EventCountry "NZL"]
[SourceTitle "CBM 176 Extra"]
[Source "ChessBase"]
[SourceDate "2017.03.02"]
[SourceVersion "1"]
[SourceVersionDate "2017.03.02"]
[SourceQuality "1"]

1. e4 c5 2. Nf3 e6 3. b3 Nc6 4. Bb2 d6 5. d4 cxd4 6. Nxd4 Nf6 7. Nxc6 bxc6 8. Bd3 Be7 9. 0-0 e5 10. c4 0-0 11. Nc3 Bg4 12. Be2 Be6 13. Kh1 Rb8 14. Qd2 Qa5 15. Rad1 Kh8 16. f4 exf4 17. Qxf4 Qe5 18. g4 Qxf4 19. Rxf4 Nd7 20. h3 Nc5 21. Ba3 Rfd8 22. b4 Nd7 23. b5 c5 24. Nd5 Bxd5 25. Rxd5 Kg8 26. g5 Nb6 27. Rdf5 Rf8 28. Rg4 g6 29. Rf1 f6 30. gxf6 Bxf6 31. Rgf4 Be5 32. Rxf8+ Rxf8 33. Rxf8+ Kxf8 34. Bc1 Na4 35. Bd3 Ke7 36. Kg2 Ke6 37. Bc2 Nb6 38. Bb3 Bc3 39. Bh6 Nd7 40. Kf3 Ne5+ 41. Ke2 Nf7 42. Bf4 g5 43. Be3 h5 44. a4 Ke5 45. Kd3 Ba5 46. Bd1 Kf6 47. Be2 h4 48. Bd2 Ne5+ 49. Ke3 Bxd2+ 50. Kxd2 g4 51. Kc3 gxh3 52. Bf1 h2 53. Bg2 h3 54. Bh1 Kg5 55. a5 Kf4 56. b6 a6 57. b7 Nd7 58. Kd3 Nb8 59. Ke2 Ke5 60. Ke3 Nc6 61. Bf3 Nb8 62. Bh1 Ke6 63. Kf4 Kd7 64. e5 dxe5+ 65. Kxe5 Kc7 66. Kf4 Nd7 67. Kf5 Kb8 68. Ke6 Nb6 69. Kf5 Nd7 70. Be4 Nb6 71. Bf3 Nd7 72. Kf4 0-1

[Event "Oceania zt 3.6"]
[Site "Auckland"]
[Date "2017.01.15"]
[Round "2"]
[White "Perera, Pasan"]
[Black "Lane, Gary William"]
[Result "0-1"]
[WhiteElo "2004"]
[BlackElo "2404"]
[PlyCount "68"]
[EventDate "2017.01.14"]
[EventType "swiss"]
[EventRounds "9"]
[EventCountry "NZL"]
[SourceTitle "CBM 176 Extra"]
[Source "ChessBase"]
[SourceDate "2017.03.02"]
[SourceVersion "1"]
[SourceVersionDate "2017.03.02"]
[SourceQuality "1"]

1. e4 e5 2. Nf3 Nc6 3. Bb5 a6 4. Ba4 Nf6 5. 0-0 b5 6. Bb3 Bc5 7. Re1 0-0 8. c3 d6 9. d4 Bb6 10. h3 Re8 11. a4 Bb7 12. d5 Na5 13. Bc2 c6 14. dxc6 Bxc6 15. Nbd2 Qc7 16. Nf1 d5 17. Ng3 Rad8 18. Qe2 h6 19. Nh2 Nxe4 20. Nxe4 dxe4 21. axb5 axb5 22. Bxe4 Bxe4 23. Qxe4 Nb3 24. Rb1 Nc5 25. Qe2 Nd3 26. Rf1 f5 27. Be3 e4 28. Rfd1 f4 29. Bxb6 Qxb6 30. Kf1 f3 31. Qe3 Qg6 32. g3 Qf5 33. g4 Qf6 34. g5 Qf5 0-1

[Event "Oceania zt 3.6"]
[Site "Auckland"]
[Date "2017.01.14"]
[Round "1"]
[White "Oka, Hikaru"]
[Black "Perera, Pasan"]
[Result "0-1"]
[WhiteElo "1559"]
[BlackElo "2004"]
[PlyCount "72"]
[EventDate "2017.01.14"]
[EventType "swiss"]
[EventRounds "9"]
[EventCountry "NZL"]
[SourceTitle "EXT 2018"]
[Source "ChessBase"]
[SourceDate "2017.10.13"]
[SourceVersion "1"]
[SourceVersionDate "2017.10.13"]
[SourceQuality "1"]

1. c4 e5 2. d3 f5 3. Nc3 Nf6 4. g3 Be7 5. Bg2 0-0 6. Nf3 d6 7. 0-0 Na6 8. Rb1 Qe8 9. b4 Qh5 10. Nd2 g5 11. Nb3 c6 12. b5 Nc7 13. a4 f4 14. bxc6 bxc6 15. Na5 Bd7 16. e3 f3 17. Bxf3 Ng4 18. Bxg4 Bxg4 19. f3 Bxf3 20. Rxf3 Rxf3 21. Nxc6 Bf8 22. Ba3 g4 23. Ne4 Qh6 24. Bc1 Ne6 25. Rb2 Ng5 26. Nxg5 Qxg5 27. Rf2 Rxf2 28. Kxf2 Bh6 29. Kg2 Rf8 30. c5 dxc5 31. Qb3+ Kh8 32. Bb2 Bg7 33. Qe6 Qxe3 34. Qxg4 Qd2+ 35. Kh3 Qh6+ 36. Kg2 Qxc6+ 0-1

[Event "New South Wales op"]
[Site "Sydney"]
[Date "2016.06.13"]
[Round "7"]
[White "Perera, Pasan"]
[Black "Mallari, Donato"]
[Result "1/2-1/2"]
[WhiteElo "1982"]
[BlackElo "1999"]
[PlyCount "76"]
[EventDate "2016.06.11"]
[EventType "swiss"]
[EventRounds "7"]
[EventCountry "AUS"]
[SourceTitle "CBM 172 Extra"]
[Source "ChessBase"]
[SourceDate "2016.06.21"]
[SourceVersion "1"]
[SourceVersionDate "2016.06.21"]
[SourceQuality "1"]

1. d4 Nf6 2. Nc3 d5 3. Bg5 Ne4 4. Nxe4 dxe4 5. e3 c6 6. c3 Bf5 7. Bc4 Qb6 8. Qb1 e6 9. Ne2 Bd6 10. 0-0 Nd7 11. b4 h5 12. Ng3 Qc7 13. Nxf5 Bxh2+ 14. Kh1 exf5 15. f3 Nb6 16. Bb3 f6 17. fxe4 fxg5 18. e5 g6 19. Kxh2 Nd5 20. Qd3 0-0-0 21. a4 Kb8 22. Bc4 h4 23. b5 g4 24. e4 g3+ 25. Kg1 fxe4 26. Qxe4 Nxc3 27. Qd3 Nd5 28. Rac1 Qb6 29. a5 Qxa5 30. bxc6 Nb4 31. c7+ Qxc7 32. Qb3 Qb6 33. Rf4 Rxd4 34. Rxd4 Qxd4+ 35. Kh1 h3 36. Qxg3 hxg2+ 37. Kxg2 Qd2+ 38. Kf3 Qxc1 1/2-1/2

[Event "New South Wales op"]
[Site "Sydney"]
[Date "2016.06.12"]
[Round "5"]
[White "Rodgers, Jack"]
[Black "Perera, Pasan"]
[Result "0-1"]
[WhiteElo "2020"]
[BlackElo "1982"]
[PlyCount "120"]
[EventDate "2016.06.11"]
[EventType "swiss"]
[EventRounds "7"]
[EventCountry "AUS"]
[SourceTitle "CBM 172 Extra"]
[Source "ChessBase"]
[SourceDate "2016.06.21"]
[SourceVersion "1"]
[SourceVersionDate "2016.06.21"]
[SourceQuality "1"]

1. d4 d6 2. c4 e5 3. dxe5 dxe5 4. Qxd8+ Kxd8 5. Nc3 c6 6. b3 Be6 7. Bb2 Nd7 8. g3 Ngf6 9. Bg2 Bc5 10. Nf3 Re8 11. 0-0 h6 12. Rad1 Kc7 13. Na4 Bd6 14. c5 Nxc5 15. Nxc5 Bxc5 16. Bxe5+ Kb6 17. Bxf6 gxf6 18. e3 a5 19. Nd4 Bg4 20. Bf3 Bh3 21. Rfe1 Rad8 22. Nc2 Bf5 23. Rxd8 Rxd8 24. Rd1 Rxd1+ 25. Bxd1 Bd3 26. Ne1 Bb1 27. a4 Bd6 28. Bc2 Bxc2 29. Nxc2 Kc5 30. Kf1 b5 31. Ke2 bxa4 32. bxa4 Kc4 33. f4 c5 34. Na3+ Kb3 35. Nb5 Be7 36. Kd3 c4+ 37. Kd4 f5 38. e4 fxe4 39. Kxe4 Bf6 40. g4 c3 41. g5 hxg5 42. fxg5 c2 43. gxf6 c1Q 44. Nd4+ Kxa4 45. Ke5 Qc7+ 46. Kd5 Qxh2 47. Nf5 Qh5 48. Ke4 Qg4+ 49. Ke5 Kb3 50. Nd4+ Kb2 51. Kd5 a4 52. Nb5 a3 53. Nd6 Qe6+ 54. Kc5 a2 55. Nc4+ Kc3 56. Nd2 Kxd2 57. Kb4 Kd3 58. Kb5 Qc4+ 59. Kb6 a1R 60. Kb7 Rb1+ 0-1

[Event "AUS-ch U18"]
[Site "Wahroonga"]
[Date "2014.01.16"]
[Round "6"]
[White "Perera, Pasan"]
[Black "Smirnov, Anton"]
[Result "0-1"]
[WhiteElo "1971"]
[BlackElo "2338"]
[PlyCount "70"]
[EventDate "2014.01.11"]
[EventType "swiss"]
[EventRounds "9"]
[EventCountry "AUS"]
[SourceTitle "CBM 158 Extra"]
[Source "ChessBase"]
[SourceDate "2014.02.28"]
[SourceVersion "1"]
[SourceVersionDate "2014.02.28"]
[SourceQuality "1"]

1. e4 c5 2. c3 d5 3. exd5 Qxd5 4. Nf3 Nf6 5. d4 Bg4 6. Be2 e6 7. 0-0 Be7 8. Qa4+ Nbd7 9. Bc4 Qd6 10. Ne5 0-0 11. Bf4 cxd4 12. Ng6 e5 13. Nxf8 Nb6 14. Qb3 Nxc4 15. Qxc4 exf4 16. Nxh7 Kxh7 17. cxd4 Qd5 18. Qd3+ Bf5 19. Qd2 Bxb1 20. Raxb1 Bd6 21. Rfe1 g6 22. f3 Qxa2 23. Ra1 Qd5 24. Ra5 Qb3 25. Qe2 Qb4 26. Rb5 Qxd4+ 27. Qf2 Qxf2+ 28. Kxf2 b6 29. Rd1 Bc5+ 30. Kf1 a5 31. Rb3 Kg7 32. g3 fxg3 33. hxg3 Nh5 34. f4 Nf6 35. Rbd3 Ng4 0-1

[Event "AUS-ch U18"]
[Site "Wahroonga"]
[Date "2014.01.13"]
[Round "3"]
[White "Perera, Pasan"]
[Black "Chen, Pengyu"]
[Result "0-1"]
[WhiteElo "1971"]
[BlackElo "2146"]
[PlyCount "52"]
[EventDate "2014.01.11"]
[EventType "swiss"]
[EventRounds "9"]
[EventCountry "AUS"]
[SourceTitle "CBM 158 Extra"]
[Source "ChessBase"]
[SourceDate "2014.02.28"]
[SourceVersion "1"]
[SourceVersionDate "2014.02.28"]
[SourceQuality "1"]

1. e4 e5 2. Nf3 Nc6 3. Nc3 g6 4. Bc4 Bg7 5. d3 Nge7 6. a3 0-0 7. Bg5 h6 8. Be3 Nd4 9. Qd2 Kh7 10. h4 Nxf3+ 11. gxf3 c6 12. d4 d5 13. Bb3 dxe4 14. Nxe4 exd4 15. 0-0-0 Nf5 16. Bg5 hxg5 17. hxg5+ Kg8 18. Qf4 Re8 19. Qh2 Kf8 20. Qh7 Be6 21. Rh6 Bxb3 22. Rxg6 fxg6 23. Qxg6 Ne7 24. Qh5 Bf7 25. Qg4 Ng6 26. Rh1 d3 0-1

[Event "Australian op"]
[Site "Cammeray"]
[Date "2013.01.10"]
[Round "8"]
[White "Perera, Pasan"]
[Black "Mallari, Donato"]
[Result "1-0"]
[WhiteElo "1923"]
[BlackElo "1981"]
[PlyCount "224"]
[EventDate "2013.01.02"]
[EventType "swiss"]
[EventRounds "11"]
[EventCountry "AUS"]
[SourceTitle "CBM 152 Extra"]
[Source "ChessBase"]
[SourceDate "2013.02.25"]
[SourceVersion "1"]
[SourceVersionDate "2013.02.25"]
[SourceQuality "1"]

1. d4 Nf6 2. Nc3 d5 3. Nf3 Bg4 4. Ne5 Bf5 5. Bg5 e6 6. e3 h6 7. Bh4 g5 8. Bg3 Bb4 9. Bd3 Ne4 10. Qh5 Rh7 11. Bxe4 Bxe4 12. 0-0 Bxc3 13. bxc3 Nd7 14. Qe2 Nxe5 15. Bxe5 c6 16. Rab1 Qe7 17. f3 Bg6 18. e4 f6 19. Bg3 Kf8 20. Rbe1 Re8 21. Qd2 Qd7 22. h3 Kg8 23. h4 Rg7 24. e5 f5 25. hxg5 hxg5 26. Qxg5 Bh5 27. Qxh5 Rxg3 28. Kf2 Rg7 29. Rh1 Rf8 30. Rh3 Qe8 31. Qh8+ Kf7 32. Qh6 Rg6 33. Qf4 Rfg8 34. g4 Ke7 35. Rh7+ R8g7 36. Rxg7+ Rxg7 37. gxf5 exf5 38. Qxf5 Qg8 39. Rh1 Rf7 40. Qh5 Rg7 41. Qh4+ Kd7 42. Qh3+ Ke7 43. Qh2 Rf7 44. Rb1 b6 45. Qh6 Qh7 46. Qxh7 Rxh7 47. Rg1 Kf7 48. f4 Rh2+ 49. Rg2 Rh3 50. Rg3 Rh2+ 51. Ke3 Rxc2 52. Kd3 Rf2 53. Rg4 c5 54. dxc5 bxc5 55. c4 d4 56. Ke4 Re2+ 57. Kd5 d3 58. Rg3 d2 59. Rd3 a5 60. f5 a4 61. f6 a3 62. Kd6 Rf2 63. Kxc5 Ke6 64. Kd4 Re2 65. Kc3 Rxe5 66. Rxd2 Kxf6 67. Kb4 Re4 68. Rd3 Ke7 69. Kc5 Re2 70. Rxa3 Kd8 71. Kc6 Re6+ 72. Kd5 Rh6 73. c5 Kc7 74. Kc4 Rh2 75. Ra7+ Kc6 76. Ra6+ Kc7 77. a4 Rc2+ 78. Kb4 Rb2+ 79. Kc3 Rb1 80. Rh6 Rc1+ 81. Kb4 Rb1+ 82. Ka5 Rb3 83. Ka6 Rc3 84. Rh5 Rc1 85. a5 Ra1 86. Rh4 Kc6 87. Rh8 Kc7 88. Rh6 Ra2 89. Kb5 Rb2+ 90. Kc4 Rc2+ 91. Kd4 Rc1 92. a6 Rd1+ 93. Ke5 Re1+ 94. Kd5 Rd1+ 95. Ke5 Re1+ 96. Kd5 Rd1+ 97. Ke6 Re1+ 98. Kf7 Rc1 99. a7 Ra1 100. Re6 Rf1+ 101. Ke8 Ra1 102. c6 Ra2 103. Kf8 Rf2+ 104. Kg7 Rg2+ 105. Kf6 Rf2+ 106. Ke5 Re2+ 107. Kd4 Ra2 108. Re8 Rxa7 109. Re7+ Kb8 110. Rxa7 Kxa7 111. Kc5 Kb8 112. Kd6 Kc8 1-0

[Event "Australian op"]
[Site "Cammeray"]
[Date "2013.01.04"]
[Round "3"]
[White "Wallis, Christopher"]
[Black "Perera, Pasan"]
[Result "0-1"]
[WhiteElo "2283"]
[BlackElo "1923"]
[PlyCount "134"]
[EventDate "2013.01.02"]
[EventType "swiss"]
[EventRounds "11"]
[EventCountry "AUS"]
[SourceTitle "CBM 152 Extra"]
[Source "ChessBase"]
[SourceDate "2013.02.25"]
[SourceVersion "1"]
[SourceVersionDate "2013.02.25"]
[SourceQuality "1"]

1. e4 d6 2. d4 Nf6 3. f3 c6 4. c4 Nbd7 5. Nc3 e5 6. Nge2 Qb6 7. a3 g6 8. Be3 Bg7 9. Qd2 Qc7 10. d5 cxd5 11. cxd5 a6 12. Rc1 Qb8 13. g4 h5 14. g5 Ng8 15. h4 Ne7 16. Bh3 b5 17. Bxd7+ Bxd7 18. f4 Bg4 19. fxe5 Bxe5 20. Bd4 0-0 21. Bxe5 dxe5 22. 0-0 Nc8 23. Rf6 Nd6 24. Ng3 Qa7+ 25. Qf2 Qxf2+ 26. Kxf2 Nc4 27. Rc2 Rfc8 28. Rc6 Bd7 29. Rxc8+ Rxc8 30. Nd1 Bg4 31. Ne3 Nd6 32. Rc6 Rxc6 33. dxc6 Be6 34. Nd5 Kf8 35. b4 Nc4 36. Nc7 Bc8 37. Nf1 Ke7 38. Ne3 Nxa3 39. Ncd5+ Kd6 40. c7 Kd7 41. Ke2 Bb7 42. Nf6+ Kxc7 43. Kd3 Bc8 44. Kc3 Be6 45. Kb2 Nc4+ 46. Nxc4 Bxc4 47. Ka3 Be6 48. Kb2 Kb6 49. Ka3 Kc6 50. Kb2 Bc4 51. Kc3 Be2 52. Kd2 Bf3 53. Kd3 Bg4 54. Kc3 a5 55. bxa5 Kc5 56. a6 b4+ 57. Kb3 Bd1+ 58. Kb2 Kb6 59. Nd7+ Kxa6 60. Nxe5 Kb6 61. Nxf7 Bf3 62. e5 Bd5 63. Nh8 Be4 64. e6 Kc6 65. Nf7 Bf5 66. e7 Kd7 67. Nh6 Be6 0-1

[Event "World ol U16 11th"]
[Site "Istanbul"]
[Date "2012.09.01"]
[Round "5.17"]
[White "Perera, Pasan"]
[Black "Thybo, Jesper Sondergaard"]
[Result "0-1"]
[WhiteElo "1956"]
[BlackElo "2006"]
[PlyCount "64"]
[EventDate "2012.08.29"]
[EventType "team-swiss"]
[EventRounds "10"]
[EventCountry "TUR"]
[SourceTitle "EXT 2017"]
[Source "ChessBase"]
[SourceDate "2016.10.25"]
[SourceVersion "1"]
[SourceVersionDate "2016.10.25"]
[SourceQuality "1"]
[WhiteTeam "Australia (U16) III"]
[BlackTeam "Denmark (U16)"]
[WhiteTeamCountry "AUS"]
[BlackTeamCountry "DEN"]

1. e4 c6 2. d4 d5 3. Nc3 dxe4 4. Nxe4 Bf5 5. Ng3 Bg6 6. h4 h6 7. Nf3 Nd7 8. h5 Bh7 9. Bd3 Bxd3 10. Qxd3 e6 11. Bd2 Ngf6 12. 0-0-0 Be7 13. Qe2 c5 14. Kb1 Qb6 15. Rhe1 0-0 16. Be3 Nd5 17. dxc5 Bxc5 18. Kc1 Nxe3 19. fxe3 Nf6 20. Nd2 Rac8 21. Nb1 Nd5 22. Nf1 Bb4 23. Rxd5 Bxe1 24. Rd4 Bb4 25. Rg4 Be7 26. Qf3 Qc6 27. Qf2 Bg5 28. Nc3 Rfd8 29. Nd2 Qc5 30. Nc4 b5 31. Ne4 Qf5 32. Qxf5 exf5 0-1

[Event "AUS-ch Major"]
[Site "Cammeray"]
[Date "2010.01.13"]
[Round "11"]
[White "Perera, Pasan"]
[Black "Craven, Mark"]
[Result "1-0"]
[WhiteElo "1517"]
[BlackElo "1655"]
[PlyCount "51"]
[EventDate "2010.01.02"]
[EventType "swiss"]
[EventRounds "11"]
[EventCountry "AUS"]
[SourceTitle "EXT 2011"]
[Source "ChessBase"]
[SourceDate "2010.11.26"]
[SourceVersion "1"]
[SourceVersionDate "2010.11.26"]
[SourceQuality "1"]

1. e4 e6 2. d4 d5 3. exd5 exd5 4. c4 Nf6 5. Nc3 Be7 6. Bd3 0-0 7. Nge2 dxc4 8. Bxc4 Nbd7 9. 0-0 Nb6 10. Bb3 Bd6 11. Ng3 Bd7 12. Qd3 c6 13. Bg5 Be7 14. Rfe1 g6 15. Rxe7 Qxe7 16. Nce4 Qb4 17. Nxf6+ Kg7 18. Ngh5+ Kh8 19. Bh6 Rg8 20. Nxg8 Rxg8 21. Nf6 Rd8 22. Qc3 Qxc3 23. bxc3 Be6 24. Bxe6 fxe6 25. g4 Na4 26. Re1 1-0

[Event "AUS-ch Major"]
[Site "Cammeray"]
[Date "2010.01.11"]
[Round "9"]
[White "Perera, Pasan"]
[Black "Nguyen, Joseph"]
[Result "0-1"]
[WhiteElo "1517"]
[BlackElo "1840"]
[PlyCount "52"]
[EventDate "2010.01.02"]
[EventType "swiss"]
[EventRounds "11"]
[EventCountry "AUS"]
[SourceTitle "EXT 2011"]
[Source "ChessBase"]
[SourceDate "2010.11.26"]
[SourceVersion "1"]
[SourceVersionDate "2010.11.26"]
[SourceQuality "1"]

1. Nf3 Nf6 2. d4 d5 3. Bg5 e6 4. e3 c5 5. c3 Be7 6. Bd3 0-0 7. Nbd2 Nbd7 8. 0-0 b6 9. e4 dxe4 10. Nxe4 Bb7 11. Ng3 Qc7 12. Rc1 Bd6 13. Bxf6 Nxf6 14. Re1 Rad8 15. Qe2 Nd5 16. Qe4 g6 17. Qh4 Nf4 18. Ng5 h5 19. Be4 Bxe4 20. Rxe4 cxd4 21. Rxf4 Bxf4 22. Nxh5 gxh5 23. Qxh5 Rfe8 24. Qh7+ Kf8 25. Qh8+ Ke7 26. Qh4 Rh8 0-1

[Event "AUS-ch Major"]
[Site "Cammeray"]
[Date "2010.01.10"]
[Round "8"]
[White "Rachmadi, Herman"]
[Black "Perera, Pasan"]
[Result "1/2-1/2"]
[WhiteElo "1678"]
[BlackElo "1517"]
[PlyCount "101"]
[EventDate "2010.01.02"]
[EventType "swiss"]
[EventRounds "11"]
[EventCountry "AUS"]
[SourceTitle "EXT 2011"]
[Source "ChessBase"]
[SourceDate "2010.11.26"]
[SourceVersion "1"]
[SourceVersionDate "2010.11.26"]
[SourceQuality "1"]

1. d4 Nf6 2. c4 g6 3. Nc3 d5 4. e3 Bg7 5. b3 c5 6. Nf3 0-0 7. Ne5 Nc6 8. Be2 Bf5 9. g4 Be6 10. g5 Ne4 11. Nxe4 dxe4 12. Bb2 Qa5+ 13. Qd2 Qxd2+ 14. Kxd2 Rad8 15. Nxc6 bxc6 16. f3 cxd4 17. exd4 Bxd4 18. Bxd4 Rxd4+ 19. Ke3 Rfd8 20. fxe4 c5 21. Rad1 Kg7 22. h4 f5 23. Rxd4 Rxd4 24. Bf3 Bd7 25. Rd1 fxe4 26. Rxd4 cxd4+ 27. Kxe4 Bc6+ 28. Kf4 e5+ 29. Kg4 e4 30. Bg2 e3 31. Bf1 Bg2 32. Be2 Be4 33. Kf4 d3 34. Bxd3 Bxd3 35. Kxe3 Bf5 36. b4 Kf7 37. Kd4 Ke7 38. Kc5 Kd7 39. a4 Kc7 40. b5 Be6 41. Kb4 a6 42. c5 axb5 43. axb5 Bd5 44. Kc3 Bg2 45. Kd4 Bf1 46. b6+ Kc6 47. Ke5 Bg2 48. Kf6 Kxc5 49. Kg7 Kxb6 50. Kxh7 Be4 51. Kh6 1/2-1/2